[Event "Condom op 19th"]
[Site "Condom"]
[Date "2022.07.14"]
[Round "7"]
[White "Colin, Penelope"]
[Black "Antao, Amory"]
[Result "0-1"]
[WhiteElo "1084"]
[BlackElo "2039"]
[PlyCount "66"]
[EventDate "2022.07.09"]
[EventType "swiss"]
[EventRounds "9"]
[EventCountry "FRA"]
[SourceTitle "CBM 209 Extra"]
[Source "ChessBase"]
[SourceDate "2022.09.30"]
[SourceVersion "1"]
[SourceVersionDate "2022.09.30"]
[SourceQuality "1"]

1. e4 Nc6 2. d4 e5 3. d5 Nce7 4. Nc3 Ng6 5. Nf3 Nf6 6. Be3 Bb4 7. Bd3 d6 8. 0-0 Bg4 9. a3 Bxc3 10. bxc3 Nh4 11. Be2 Nxe4 12. Nxh4 Bxe2 13. Qxe2 Qxh4 14. g3 Qe7 15. Qd3 Nf6 16. Qb5+ Qd7 17. Qxb7 0-0 18. Qb4 Qh3 19. Bg5 Ng4 20. Qxg4 Qxg4 21. Be3 f5 22. f4 e4 23. Rab1 h5 24. Bf2 h4 25. Rbd1 h3 26. Rd2 g5 27. Be3 Rab8 28. fxg5 f4 29. Bxf4 e3 30. Bxe3 Rxf1+ 31. Kxf1 Qf3+ 32. Bf2 Rb1+ 33. Rd1 Rxd1# 0-1